Miasta które mają lub miały swoje kluby w Polskiej Lidze Koszykówki M. - Statystyki

Ogólne statystyki
  • Ten quiz został rozwiązany 73 razy
  • Średni wynik to 34 z 48
Statystyki odpowiedzi
Miasto % Poprawnych
Bydgoszcz
100%
Toruń
100%
Warszawa
100%
Gdańsk
98%
Gdynia
96%
Gliwice
94%
Kraków
94%
Poznań
94%
Zielona Góra
94%
Lublin
92%
Sopot
92%
Szczecin
92%
Wrocław
92%
Łódź
91%
Katowice
89%
Rzeszów
89%
Wałbrzych
89%
Białystok
87%
Radom
87%
Słupsk
83%
Włocławek
83%
Kołobrzeg
77%
Koszalin
77%
Inowrocław
75%
Kielce
75%
Dąbrowa Górnicza
74%
Krosno
74%
Tarnów
70%
Stargard
68%
Pruszków
64%
Sosnowiec
64%
Bytom
62%
Starogard
58%
Ostrów Wielkopolski
55%
Tarnobrzeg
55%
Kutno
53%
Przemyśl
53%
Ruda Śląska
51%
Jelenia Góra
47%
Zgorzelec
43%
Jarosław
42%
Łańcut
40%
Stalowa Wola
40%
Świecie
32%
Kwidzyn
26%
Lwów
23%
Świętochłowice
17%
Kraśnik
13%
Nie znaleziono quizów pasujących do podanych kryteriów
Rozkład punktacji
Procent ludzi z każdym wynikiem
Percentyl według liczby udzielonych odpowiedzi
Twoja historia wyników
Nie rozwiązałeś tego quizu